000 00477nam a22001817a 4500
005 20251108170657.0
008 250721s1955 xx 000 0 eng d
082 1 4 _aR/032/HUT
100 1 _aHutchinson, Walter
_eProd.
245 1 0 _aHutchinson's twentieth Century encyclopedia /
250 _a3rd
264 1 _aLondon :
_bHutchinson & Co.,
_c1955.
300 _a1024p. : ill , maps
650 1 7 _aEncyclopedias
650 1 7 _aEnglish
942 _2ddc
_cREF
999 _c46355
_d46355